[Event "Petroupoli op 10th"]
[Site "Petroupoli"]
[Date "2012.10.24"]
[Round "6"]
[White "Hamaletsos, Hristoforos"]
[Black "Koerant, Filipos"]
[Result "1-0"]
[WhiteElo "2192"]
[BlackElo "1988"]
[PlyCount "45"]
[EventDate "2012.10.06"]
[EventType "swiss"]
[EventRounds "7"]
[EventCountry "GRE"]
[SourceTitle "EXT 2013"]
[Source "ChessBase"]
[SourceDate "2012.11.22"]
[SourceVersion "1"]
[SourceVersionDate "2012.11.22"]
[SourceQuality "1"]

1. e4 e5 2. Nc3 Nf6 3. f4 d5 4. fxe5 Nxe4 5. Nf3 Bc5 6. d4 Bb4 7. Bd2 Nxd2 8. Qxd2 Bf5 9. a3 Be7 10. Bd3 Bxd3 11. Qxd3 c6 12. h4 Na6 13. Ne2 Qd7 14. 0-0-0 Nc7 15. Nf4 Ne6 16. Nxe6 Qxe6 17. Kb1 0-0 18. Rh3 Qg6 19. Qe3 f5 20. h5 Qxg2 21. Rh2 Qg4 22. Rg1 Qe4 23. Qh6 1-0

[Event "Ambelokipi op 119th"]
[Site "Athens"]
[Date "2011.11.23"]
[Round "6"]
[White "Hamaletsos, Hristoforos"]
[Black "Azis Azizis, Ektoras"]
[Result "1/2-1/2"]
[WhiteElo "2188"]
[BlackElo "2277"]
[PlyCount "223"]
[EventDate "2011.11.05"]
[EventType "swiss"]
[EventRounds "7"]
[EventCountry "GRE"]
[SourceTitle "EXT 2024"]
[Source "ChessBase"]
[SourceDate "2023.10.10"]
[SourceVersion "1"]
[SourceVersionDate "2023.10.10"]
[SourceQuality "1"]

1. e4 c5 2. Nf3 Nc6 3. Bb5 g6 4. 0-0 Bg7 5. Bxc6 dxc6 6. d3 Nf6 7. Nc3 0-0 8. h3 b6 9. a4 a5 10. Be3 Qc7 11. Nh2 Ba6 12. f4 e6 13. Qe1 Rfe8 14. g4 Rad8 15. g5 Nh5 16. e5 c4 17. d4 c5 18. dxc5 bxc5 19. Qh4 Qc6 20. Qg4 Bb7 21. Nf3 Rd7 22. Rae1 Red8 23. Kf2 Bf8 24. Re2 Ng7 25. Nd2 Rd4 26. Bxd4 cxd4 27. Nce4 Nf5 28. Nd6 Bxd6 29. exd6 Ne3 30. Qg3 Nxf1 31. Kxf1 Qxa4 32. Ne4 Bxe4 33. Rxe4 Qa1+ 34. Qe1 Qxe1+ 35. Kxe1 Rxd6 36. c3 dxc3 37. bxc3 Rc6 38. Kd2 Kf8 39. Kc2 Rc5 40. Kb2 Ke7 41. Ka3 Kd6 42. Rd4+ Kc6 43. Ka4 e5 44. fxe5 Rxe5 45. Rxc4+ Rc5 46. Rh4 Rxg5 47. Rxh7 Rf5 48. Rh8 Kd5 49. Rh4 g5 50. Rd4+ Kc6 51. h4 gxh4 52. Rxh4 Rc5 53. c4 Kd6 54. Kb3 f5 55. Kc3 Ke5 56. Rh8 Ke4 57. Re8+ Re5 58. Rd8 f4 59. Rd4+ Kf5 60. Rd1 f3 61. Kd4 Kf4 62. c5 f2 63. Rf1 Re2 64. c6 Kf3 65. Rc1 Re8 66. Kc5 a4 67. Kb4 Ra8 68. c7 Kg2 69. c8Q Rxc8 70. Rxc8 f1Q 71. Rc2+ Kf3 72. Rc3+ Ke4 73. Kxa4 Kd4 74. Rb3 Qa6+ 75. Kb4 Qd6+ 76. Kb5 Qc5+ 77. Ka4 Qc6+ 78. Ka5 Kd5 79. Rd3+ Ke4 80. Rb3 Kd4 81. Rb6 Qc3+ 82. Ka4 Qc2+ 83. Kb5 Qc5+ 84. Ka6 Kc4 85. Kb7 Qd5+ 86. Kc7 Kc5 87. Rb7 Qc6+ 88. Kb8 Qe8+ 89. Kc7 Qe5+ 90. Kd7 Qg7+ 91. Kc8 Qf6 92. Rc7+ Kb6 93. Rb7+ Ka6 94. Rd7 Qe6 95. Kc7 Kb5 96. Rd6 Qe7+ 97. Rd7 Qc5+ 98. Kd8 Qf8+ 99. Kc7 Kc5 100. Kb7 Qf3+ 101. Kc7 Qf4+ 102. Kb7 Qb4+ 103. Kc7 Qb6+ 104. Kc8 Qa6+ 105. Kb8 Qe6 106. Kc7 Qc6+ 107. Kd8 Qf6+ 108. Kc7 Qa6 109. Kb8 Qa5 110. Kb7 Qb6+ 111. Kc8 Kc6 112. Rd6+ 1/2-1/2

[Event "Nikaia Fysiolatriko op 09th"]
[Site "Nikaia"]
[Date "2011.06.18"]
[Round "3"]
[White "Karagiannis, Athanasios"]
[Black "Hamaletsos, Hristoforos"]
[Result "1-0"]
[WhiteElo "2337"]
[BlackElo "2166"]
[PlyCount "67"]
[EventDate "2011.06.16"]
[EventType "swiss"]
[EventRounds "9"]
[EventCountry "GRE"]
[SourceTitle "CBM 143 Extra"]
[Source "ChessBase"]
[SourceDate "2011.08.29"]
[SourceVersion "1"]
[SourceVersionDate "2011.08.29"]
[SourceQuality "1"]

1. Nf3 Nf6 2. d4 b6 3. c4 e6 4. e3 d5 5. Nc3 Be7 6. Bd3 Bb7 7. 0-0 Nbd7 8. cxd5 exd5 9. a4 a6 10. Qe2 Ne4 11. Nd2 f5 12. f3 Nxd2 13. Bxd2 0-0 14. e4 fxe4 15. fxe4 dxe4 16. Nxe4 Bf6 17. Bc3 Re8 18. Rae1 c5 19. Qh5 g6 20. Nxf6+ Nxf6 21. Bc4+ Kg7 22. Rxe8 Qxe8 23. Qg5 Ne4 24. dxc5+ Nxc3 25. Qf6+ Kh6 26. Qf4+ Kg7 27. Qd4+ Kh6 28. Qd2+ Kh5 29. bxc3 Bc8 30. Be2+ Bg4 31. Bxg4+ Kxg4 32. Qf4+ Kh5 33. g4+ Kh4 34. Qh6+ 1-0

[Event "Ambelokipi op 113th"]
[Site "Athens"]
[Date "2011.05.21"]
[Round "5"]
[White "Hamaletsos, Hristoforos"]
[Black "Makkas, Panayiotis"]
[Result "1-0"]
[WhiteElo "2166"]
[BlackElo "1939"]
[PlyCount "77"]
[EventDate "2011.05.07"]
[EventType "swiss"]
[EventRounds "7"]
[EventCountry "GRE"]
[SourceTitle "EXT 2024"]
[Source "ChessBase"]
[SourceDate "2023.10.10"]
[SourceVersion "1"]
[SourceVersionDate "2023.10.10"]
[SourceQuality "1"]

1. e4 b6 2. d4 Bb7 3. Nc3 e6 4. Bd3 Nf6 5. Nf3 Bb4 6. Qe2 d5 7. exd5 Nxd5 8. Bd2 Nxc3 9. bxc3 Be7 10. 0-0 h6 11. Rab1 0-0 12. a4 a5 13. Ne5 Ba6 14. Bxa6 Nxa6 15. Nc6 Qd6 16. Qf3 Bf6 17. Rb5 Rac8 18. Rh5 Be7 19. Bf4 Qd7 20. Re1 f5 21. Bxh6 Bf6 22. Bf4 Rce8 23. Ne5 Qxa4 24. Qh3 Bxe5 25. Bxe5 Kf7 26. Bxg7 Rg8 27. Be5 Ke7 28. Rh7+ Kd8 29. Qf3 c6 30. Qd3 Qb5 31. Qxb5 cxb5 32. Ra7 Kc8 33. Rb1 b4 34. c4 Nb8 35. c5 Nd7 36. Bd6 bxc5 37. dxc5 e5 38. c6 Nb6 39. Rb7 1-0